[Event "CRO-ch U17"]
[Site "Split"]
[Date "2021.07.31"]
[Round "9"]
[White "Vucenovic, Damian"]
[Black "Mazuran, Gabrijel"]
[Result "1/2-1/2"]
[WhiteElo "2025"]
[BlackElo "2058"]
[PlyCount "101"]
[EventDate "2021.07.25"]
[EventType "swiss"]
[EventRounds "9"]
[EventCountry "CRO"]
[SourceTitle "EXT 2022"]
[Source "ChessBase"]
[SourceDate "2021.10.06"]
[SourceVersion "1"]
[SourceVersionDate "2021.10.06"]
[SourceQuality "1"]

1. e4 c5 2. Nf3 e6 3. c3 d5 4. exd5 Qxd5 5. d4 Nc6 6. Be2 Nf6 7. 0-0 Be7 8. Be3 cxd4 9. Nxd4 Nxd4 10. cxd4 0-0 11. Nc3 Qa5 12. a3 Nd5 13. Rc1 Bd7 14. Nxd5 exd5 15. Bd3 Bb5 16. Bf4 Rac8 17. Rxc8 Rxc8 18. Qg4 Re8 19. b4 Qa6 20. Bxb5 Qxb5 21. Be5 Bf8 22. h4 Qc6 23. h5 Qe6 24. Qxe6 Rxe6 25. Rc1 f6 26. Bb8 a5 27. bxa5 Bxa3 28. Rc8+ Kf7 29. Ba7 Re1+ 30. Kh2 Bd6+ 31. g3 Re8 32. Rc2 Re7 33. Kg2 g6 34. hxg6+ hxg6 35. Rb2 Rd7 36. f4 f5 37. Kf3 g5 38. fxg5 Kg6 39. Bc5 Bxc5 40. dxc5 Kxg5 41. Ke3 Kg4 42. Rb6 d4+ 43. Kd3 Kxg3 44. Rg6+ Kf3 45. Rd6 Rf7 46. Kxd4 f4 47. c6 bxc6 48. Rxc6 Ke2 49. Rc2+ Kf1 50. Ra2 f3 51. a6 1/2-1/2

[Event "CRO-ch U17"]
[Site "Split"]
[Date "2021.07.29"]
[Round "7"]
[White "Petricevic, Mateo"]
[Black "Mazuran, Gabrijel"]
[Result "0-1"]
[WhiteElo "1740"]
[BlackElo "2058"]
[PlyCount "112"]
[EventDate "2021.07.25"]
[EventType "swiss"]
[EventRounds "9"]
[EventCountry "CRO"]
[SourceTitle "EXT 2022"]
[Source "ChessBase"]
[SourceDate "2021.10.06"]
[SourceVersion "1"]
[SourceVersionDate "2021.10.06"]
[SourceQuality "1"]

1. d4 Nf6 2. c4 e6 3. Nc3 Bb4 4. e3 0-0 5. Nge2 d5 6. a3 Be7 7. cxd5 exd5 8. Nf4 Re8 9. Bd3 c6 10. 0-0 Nbd7 11. f3 Nf8 12. g4 Bd6 13. Nce2 a5 14. b3 b6 15. Ra2 Bb7 16. Ng3 Bxf4 17. exf4 Ne6 18. g5 Nd7 19. Bf5 c5 20. Bxe6 fxe6 21. Re2 Ba6 22. Rfe1 Bxe2 23. Rxe2 Qc7 24. Qe1 Kf7 25. Bd2 cxd4 26. Qb1 Kg8 27. g6 hxg6 28. Qxg6 Nf6 29. Rg2 Qf7 30. Qd3 b5 31. Qxd4 Qa7 32. Be3 Qxd4 33. Bxd4 Kf7 34. Ne2 Rac8 35. Nc3 b4 36. axb4 axb4 37. Na2 Re7 38. Be5 Ra7 39. Bd4 Ra3 40. Rb2 Nh5 41. Be5 d4 42. Bxd4 Nxf4 43. Nxb4 Ra1+ 44. Kf2 Rd1 45. Be5 g5 46. h4 Ng6 47. Bh2 gxh4 48. Kg2 Rg8 49. Kh3 Rf1 50. Kg2 Rc1 51. Kh3 Rc3 52. Kg2 Nf4+ 53. Kf1 Rc1+ 54. Kf2 Rg2+ 55. Ke3 Rxb2 56. Kxf4 Rxh2 0-1

[Event "CRO-ch U17"]
[Site "Split"]
[Date "2021.07.25"]
[Round "1"]
[White "Tomljanovic, Ivano"]
[Black "Mazuran, Gabrijel"]
[Result "0-1"]
[WhiteElo "1524"]
[BlackElo "2058"]
[PlyCount "134"]
[EventDate "2021.07.25"]
[EventType "swiss"]
[EventRounds "9"]
[EventCountry "CRO"]
[SourceTitle "EXT 2022"]
[Source "ChessBase"]
[SourceDate "2021.10.06"]
[SourceVersion "1"]
[SourceVersionDate "2021.10.06"]
[SourceQuality "1"]

1. d4 Nf6 2. c4 e6 3. Nc3 Bb4 4. Qc2 d5 5. a3 Be7 6. Nf3 0-0 7. Bf4 c6 8. e3 Nbd7 9. Bd3 b6 10. 0-0 Bb7 11. e4 dxe4 12. Nxe4 Nxe4 13. Bxe4 Nf6 14. Rac1 Nxe4 15. Qxe4 Bf6 16. Rfd1 h6 17. h3 Qd7 18. c5 Qd5 19. Qe3 Rac8 20. b4 Rfd8 21. Be5 Be7 22. Re1 Rd7 23. Qc3 Ba6 24. Rc2 Rb7 25. Rd2 Rd8 26. Red1 Rbd7 27. Re1 Qc4 28. Qxc4 Bxc4 29. Rc2 Bd5 30. Nd2 f6 31. Bg3 b5 32. Ne4 a5 33. Nd6 Bxd6 34. Bxd6 Ra8 35. Rb2 Bc4 36. Rc1 axb4 37. axb4 Ra3 38. Rd1 Rda7 39. Bb8 R7a4 40. Bc7 Rb3 41. Rxb3 Bxb3 42. Rb1 Bc4 43. Ba5 Kf7 44. Rd1 Kg6 45. f3 Ra2 46. Kh1 Rb2 47. Kg1 h5 48. h4 Kf5 49. Re1 Rd2 50. Bc7 Rxd4 51. Bg3 Bd5 52. Rb1 g5 53. hxg5 fxg5 54. Be1 Rc4 55. Rb2 e5 56. Kf2 Rc1 57. Ke2 Bc4+ 58. Kf2 Ra1 59. Rc2 e4 60. fxe4+ Kxe4 61. Rd2 Bd5 62. Re2+ Kd4 63. Bd2 g4 64. Kg3 Kd3 65. Rf2 Rd1 66. Bg5 Kc3 67. Kh4 Rh1+ 0-1

[Event "Krk Golden Island op"]
[Site "Malinska"]
[Date "2020.11.06"]
[Round "2"]
[White "Stocko, Josip"]
[Black "Mazuran, Gabrijel"]
[Result "1/2-1/2"]
[WhiteElo "2241"]
[BlackElo "2058"]
[PlyCount "112"]
[EventDate "2020.11.05"]
[EventType "swiss"]
[EventRounds "5"]
[EventCountry "CRO"]
[SourceTitle "CBM 199 Extra"]
[Source "ChessBase"]
[SourceDate "2021.01.31"]
[SourceVersion "1"]
[SourceVersionDate "2021.01.31"]
[SourceQuality "1"]

1. e4 c5 2. Na3 e6 3. c3 d5 4. d3 Nc6 5. Qe2 d4 6. c4 e5 7. g3 Bd6 8. Bg2 Nge7 9. Nh3 0-0 10. 0-0 a6 11. Bd2 Rb8 12. f4 f5 13. exf5 Bxf5 14. Ng5 h6 15. Ne4 Bxe4 16. Qxe4 exf4 17. gxf4 Nf5 18. Nc2 Rf6 19. Bh3 Qf8 20. Rae1 Kh8 21. Re2 Qf7 22. Bg2 Rf8 23. a3 Nh4 24. b4 Nxg2 25. Kxg2 Qh5 26. bxc5 Bxc5 27. Rf3 Ne7 28. Nxd4 Bxd4 29. Qxe7 Bc5 30. Qe4 R6f7 31. Rh3 Qg4+ 32. Rg3 Qd7 33. Bc3 Bxa3 34. Qg6 Qc6+ 35. Qxc6 bxc6 36. Re6 Kh7 37. Rxc6 Bc1 38. f5 Re8 39. Rxa6 Re2+ 40. Kf3 Rxh2 41. f6 Bg5 42. Ke4 Re2+ 43. Kd5 gxf6 44. c5 f5 45. Be5 f4 46. Rf3 Re3 47. Rxe3 fxe3 48. Bg3 e2 49. Re6 Rf3 50. Be1 Rxd3+ 51. Kc4 Re3 52. Rxe3 Bxe3 53. c6 Bb6 54. Kd3 Kg6 55. Kxe2 Kf6 56. Kf3 Ke5 1/2-1/2

[Event "CRO-ch U17/U19"]
[Site "Vinkovci"]
[Date "2019.07.24"]
[Round "4"]
[White "Mazuran, Gabrijel"]
[Black "Mrvac, Petar"]
[Result "1/2-1/2"]
[WhiteElo "1961"]
[BlackElo "1883"]
[PlyCount "154"]
[EventDate "2019.07.22"]
[EventType "swiss"]
[EventRounds "9"]
[EventCountry "CRO"]
[SourceTitle "EXT 2020"]
[Source "ChessBase"]
[SourceDate "2019.10.17"]
[SourceVersion "1"]
[SourceVersionDate "2019.10.17"]
[SourceQuality "1"]

1. d4 Nf6 2. Nf3 d5 3. c4 c6 4. e3 Bf5 5. Nc3 e6 6. Nh4 Bg6 7. Nxg6 hxg6 8. Be2 Nbd7 9. cxd5 exd5 10. Bd2 Bd6 11. h3 Qe7 12. Qb3 Rb8 13. g4 Ne4 14. Nxe4 Qxe4 15. f3 Bg3+ 16. Kf1 Qe7 17. Kg2 Qh4 18. Raf1 Bc7 19. Be1 Qe7 20. Bf2 Nf6 21. Bd3 Kd7 22. Re1 Rhe8 23. Qc2 Rbd8 24. Qa4 a6 25. Rc1 Qd6 26. Rce1 Kc8 27. b4 Re7 28. Qb3 Rde8 29. Bc2 b6 30. a4 Kb7 31. Bd3 Ka7 32. Bf1 Nd7 33. Qd3 Nb8 34. Qd2 f5 35. Bd3 Nd7 36. gxf5 gxf5 37. Bxf5 Nf6 38. Bg4 Rf8 39. Qc3 Nxg4 40. hxg4 Ref7 41. f4 Qg6 42. g5 Qe4+ 43. Kg1 Bd8 44. Rh2 Qe6 45. Qc2 Kb7 46. Rg2 Rh8 47. Bg3 Qg4 48. Qg6 Qf5 49. Qxf5 Rxf5 50. Rh2 Rxh2 51. Kxh2 Be7 52. Rb1 g6 53. Be1 Rf8 54. Kg2 Kc7 55. Bd2 Rh8 56. e4 dxe4 57. Re1 Bd6 58. Rxe4 Kd7 59. Re1 Rh7 60. Kg3 Re7 61. Rh1 Re2 62. Rd1 Ke6 63. Kf3 Rh2 64. Kg3 Re2 65. Kf3 Rh2 66. Re1+ Kf5 67. Be3 Bxb4 68. Rb1 c5 69. a5 Bxa5 70. dxc5 bxc5 71. Ra1 Bc3 72. Rxa6 Rh3+ 73. Ke2 Ke4 74. Re6+ Kf5 75. Rc6 Bd4 76. Bxd4 cxd4 77. Rf6+ Ke4 1/2-1/2

[Event "CRO-ch U17/U19"]
[Site "Vinkovci"]
[Date "2019.07.22"]
[Round "1"]
[White "Mazuran, Gabrijel"]
[Black "Cecic Sule, Dino"]
[Result "1-0"]
[WhiteElo "1961"]
[BlackElo "1669"]
[PlyCount "77"]
[EventDate "2019.07.22"]
[EventType "swiss"]
[EventRounds "9"]
[EventCountry "CRO"]
[SourceTitle "EXT 2020"]
[Source "ChessBase"]
[SourceDate "2019.10.17"]
[SourceVersion "1"]
[SourceVersionDate "2019.10.17"]
[SourceQuality "1"]

1. d4 d5 2. c4 e6 3. Nf3 Nf6 4. g3 Bb4+ 5. Bd2 Be7 6. Bg2 0-0 7. 0-0 c6 8. Qc2 b6 9. Bf4 Nh5 10. Bc1 Nf6 11. Nbd2 Nbd7 12. e4 dxe4 13. Nxe4 Bb7 14. Nxf6+ Bxf6 15. c5 Qe7 16. Be3 bxc5 17. dxc5 Rfc8 18. Rfe1 Qe8 19. Ng5 Bxg5 20. Bxg5 h6 21. Bf4 Nf6 22. a3 Rd8 23. Rad1 Rxd1 24. Rxd1 Nd5 25. Bd6 Qd7 26. Bf1 a6 27. Bc4 Re8 28. Qe2 Ra8 29. Bd3 a5 30. Qe4 Nf6 31. Qa4 Ra7 32. Bc2 Nd5 33. Qe4 f5 34. Qe5 Qf7 35. Re1 Bc8 36. Bxf5 Rb7 37. Bc2 Qf6 38. Qe4 g5 39. Qh7+ 1-0

[Event "CRO-ch U15"]
[Site "Trogir"]
[Date "2019.06.19"]
[Round "5"]
[White "Denic, Marin"]
[Black "Mazuran, Gabrijel"]
[Result "0-1"]
[WhiteElo "1767"]
[BlackElo "1960"]
[PlyCount "104"]
[EventDate "2019.06.17"]
[EventType "swiss"]
[EventRounds "9"]
[EventCountry "CRO"]
[SourceTitle "EXT 2020"]
[Source "ChessBase"]
[SourceDate "2019.10.17"]
[SourceVersion "1"]
[SourceVersionDate "2019.10.17"]
[SourceQuality "1"]

1. e4 c5 2. Nf3 d6 3. Bb5+ Bd7 4. Bxd7+ Qxd7 5. 0-0 Nc6 6. Re1 e6 7. d4 cxd4 8. Nxd4 Nge7 9. Be3 Nxd4 10. Bxd4 Nc6 11. Bc3 d5 12. exd5 0-0-0 13. Nd2 exd5 14. b3 d4 15. Bb2 h5 16. Nf3 f6 17. Qd3 Bc5 18. Rad1 Bb6 19. Qc4 Qd5 20. Qxd5 Rxd5 21. a3 Rhd8 22. Rd3 g5 23. Red1 g4 24. Ne1 Rf5 25. R3d2 h4 26. Nd3 Ne5 27. Re2 Nxd3 28. Rxd3 Re5 29. Kf1 Rde8 30. Rdd2 Re4 31. f3 gxf3 32. gxf3 Re3 33. Rxe3 dxe3 34. Re2 h3 35. Bxf6 Rf8 36. Be5 Rxf3+ 37. Ke1 Bd8 38. c4 Kd7 39. Bd4 Bg5 40. Kd1 Bf4 41. Ke1 a6 42. a4 Ke6 43. b4 Kf5 44. b5 Ke4 45. bxa6 bxa6 46. Bb6 Kd3 47. c5 Bg5 48. Bc7 Bh4+ 49. Bg3 Bf6 50. Kd1 Rf1+ 51. Be1 Bc3 52. c6 Bxe1 0-1

[Event "CRO-ch U15"]
[Site "Trogir"]
[Date "2019.06.19"]
[Round "4"]
[White "Mazuran, Gabrijel"]
[Black "Troselj, Ivan"]
[Result "1/2-1/2"]
[WhiteElo "1960"]
[BlackElo "1790"]
[PlyCount "111"]
[EventDate "2019.06.17"]
[EventType "swiss"]
[EventRounds "9"]
[EventCountry "CRO"]
[SourceTitle "EXT 2020"]
[Source "ChessBase"]
[SourceDate "2019.10.17"]
[SourceVersion "1"]
[SourceVersionDate "2019.10.17"]
[SourceQuality "1"]

1. d4 g6 2. c4 f5 3. Nc3 Nf6 4. g3 Bg7 5. Bg2 0-0 6. Nh3 d6 7. 0-0 c6 8. f3 e5 9. d5 c5 10. Nf2 h6 11. e4 f4 12. g4 Nh7 13. Bd2 Bf6 14. Nd3 h5 15. Be1 Bh4 16. Bf2 hxg4 17. fxg4 Bxf2+ 18. Rxf2 Qh4 19. Bf3 Ng5 20. Rg2 Qh3 21. Ne1 a6 22. Qe2 Nd7 23. Nd1 Nf6 24. Nf2 Qh4 25. Qd3 Nh3+ 26. Nxh3 Qxh3 27. g5 Ng4 28. Bxg4 Bxg4 29. Qxh3 Bxh3 30. Rf2 b5 31. Nf3 Kf7 32. a3 Rh8 33. Rc1 bxc4 34. Rxc4 a5 35. Rfc2 a4 36. R4c3 Rh5 37. b4 axb3 38. Rxb3 Bg4 39. Rxc5 dxc5 40. Nxe5+ Ke7 41. Nxg4 Rxg5 42. h3 Kd6 43. Rb6+ Kd7 44. e5 Rxa3 45. e6+ Kc8 46. Rc6+ Kd8 47. Rd6+ Ke8 48. Kg2 Rd3 49. Rd7 c4 50. Kf2 Rf5 51. d6 c3 52. Re7+ Kd8 53. Rd7+ Ke8 54. Re7+ Kf8 55. Rd7 Ke8 56. Re7+ 1/2-1/2

[Event "CRO-ch U15"]
[Site "Trogir"]
[Date "2018.06.19"]
[Round "7"]
[White "Mazuran, Gabrijel"]
[Black "Maravic, Ivan"]
[Result "1-0"]
[WhiteElo "1887"]
[BlackElo "1707"]
[PlyCount "67"]
[EventDate "2018.06.16"]
[EventType "swiss"]
[EventRounds "9"]
[EventCountry "CRO"]
[SourceTitle "EXT 2019"]
[Source "ChessBase"]
[SourceDate "2018.10.10"]
[SourceVersion "1"]
[SourceVersionDate "2018.10.10"]
[SourceQuality "1"]

1. d4 Nf6 2. c4 g6 3. Nc3 Bg7 4. e4 d6 5. h3 0-0 6. Be3 e5 7. d5 a5 8. Nf3 Na6 9. Be2 Nc5 10. Bxc5 dxc5 11. g4 Ne8 12. Qc2 Nd6 13. 0-0-0 Bh6+ 14. Kb1 Bf4 15. Ne1 Qf6 16. h4 g5 17. hxg5 Bxg5 18. f3 Bd7 19. a4 b6 20. b3 h6 21. Nd3 Kg7 22. Rh5 Qe7 23. f4 exf4 24. e5 Nc8 25. Ne4 f6 26. exf6+ Bxf6 27. Nxf4 Re8 28. Bf3 Be5 29. Ne6+ Bxe6 30. Rxe5 Qf7 31. Rxe6 Rxe6 32. dxe6 Qxf3 33. Rd7+ Kg8 34. Nf6+ 1-0

[Event "CRO-ch U15"]
[Site "Trogir"]
[Date "2018.06.18"]
[Round "4"]
[White "Levacic, Matej"]
[Black "Mazuran, Gabrijel"]
[Result "0-1"]
[WhiteElo "1906"]
[BlackElo "1887"]
[PlyCount "68"]
[EventDate "2018.06.16"]
[EventType "swiss"]
[EventRounds "9"]
[EventCountry "CRO"]
[SourceTitle "EXT 2019"]
[Source "ChessBase"]
[SourceDate "2018.10.10"]
[SourceVersion "1"]
[SourceVersionDate "2018.10.10"]
[SourceQuality "1"]

1. d4 Nf6 2. Nf3 e6 3. Bf4 d5 4. e3 Bd6 5. Bg3 0-0 6. Nbd2 c5 7. c3 b6 8. Bd3 Bb7 9. Qe2 Ne4 10. Bc2 f5 11. Nxe4 fxe4 12. Ne5 Bxe5 13. Bxe5 Qg5 14. 0-0-0 cxd4 15. cxd4 Ba6 16. Qd2 Nc6 17. Bf4 Qe7 18. a3 Rac8 19. Kb1 b5 20. b4 Bb7 21. f3 a5 22. fxe4 axb4 23. exd5 exd5 24. Qd3 g6 25. Qxb5 Rfd8 26. a4 b3 27. Bxb3 Nb4 28. Rc1 Ba6 29. Bxd5+ Nxd5 30. Qxa6 Qb4+ 31. Ka2 Qd2+ 32. Ka3 Rc3+ 33. Rxc3 Qxc3+ 34. Ka2 Nb4+ 0-1

[Event "CRO-chT U16"]
[Site "Nasice"]
[Date "2017.12.30"]
[Round "7"]
[White "Drempetic, Mario"]
[Black "Mazuran, Gabrijel"]
[Result "1/2-1/2"]
[WhiteElo "1716"]
[BlackElo "1821"]
[PlyCount "61"]
[EventDate "2017.12.27"]
[EventType "team-tourn"]
[EventRounds "7"]
[EventCountry "CRO"]
[SourceTitle "EXT 2019"]
[Source "ChessBase"]
[SourceDate "2018.10.10"]
[SourceVersion "1"]
[SourceVersionDate "2018.10.10"]
[SourceQuality "1"]

1. d4 Nf6 2. c4 e6 3. Nc3 Bb4 4. Bd2 0-0 5. Nf3 b6 6. e3 Bb7 7. Bd3 d5 8. 0-0 Nbd7 9. Nxd5 Nxd5 10. cxd5 Bxd2 11. Qxd2 exd5 12. Rac1 g6 13. Qe2 c5 14. b3 Qe7 15. Rc2 cxd4 16. Nxd4 Nc5 17. Rfc1 Rac8 18. Qd2 Nxd3 19. Qxd3 Rxc2 20. Rxc2 Rc8 21. Rxc8+ Bxc8 22. Qc3 Qc5 23. Qxc5 bxc5 24. Nc6 Be6 25. Nxa7 Bd7 26. a4 c4 27. bxc4 dxc4 28. Kf1 Bxa4 29. Nc8 Kf8 30. Ke1 Bc6 31. f3 1/2-1/2

[Event "CRO-chT U16"]
[Site "Nasice"]
[Date "2017.12.27"]
[Round "2"]
[White "Mazuran, Gabrijel"]
[Black "Simic, Pavo"]
[Result "1-0"]
[WhiteElo "1821"]
[BlackElo "1596"]
[PlyCount "51"]
[EventDate "2017.12.27"]
[EventType "team-tourn"]
[EventRounds "7"]
[EventCountry "CRO"]
[SourceTitle "EXT 2019"]
[Source "ChessBase"]
[SourceDate "2018.10.10"]
[SourceVersion "1"]
[SourceVersionDate "2018.10.10"]
[SourceQuality "1"]

1. d4 d5 2. Bf4 Nf6 3. e3 e6 4. Nf3 c6 5. c3 Nbd7 6. Nbd2 Be7 7. h3 h6 8. Bd3 c5 9. 0-0 Qb6 10. Rb1 Bd6 11. Ne5 Bxe5 12. dxe5 Ng8 13. c4 Ne7 14. cxd5 Nxd5 15. Nc4 Qc7 16. Nd6+ Kf8 17. Qh5 N7b6 18. Rfc1 Nxf4 19. exf4 Nd5 20. Rxc5 Qe7 21. Rxc8+ Rxc8 22. Nxc8 Qd7 23. Nd6 Nxf4 24. Bb5 Qxd6 25. exd6 Nxh5 26. Rc1 1-0

[Event "CRO-chT3 West"]
[Site "Croatia"]
[Date "2017.04.08"]
[Round "4.2"]
[White "Saric, Husnija"]
[Black "Mazuran, Gabrijel"]
[Result "1/2-1/2"]
[WhiteElo "1830"]
[BlackElo "1774"]
[PlyCount "73"]
[EventDate "2017.03.25"]
[EventType "team-tourn"]
[EventRounds "9"]
[EventCountry "CRO"]
[SourceTitle "EXT 2019"]
[Source "ChessBase"]
[SourceDate "2018.10.10"]
[SourceVersion "1"]
[SourceVersionDate "2018.10.10"]
[SourceQuality "1"]

1. d4 Nf6 2. e3 d5 3. a3 e6 4. Nd2 c5 5. dxc5 Bxc5 6. b4 Be7 7. Bb2 0-0 8. Ngf3 a5 9. b5 Nbd7 10. Be2 b6 11. 0-0 Bb7 12. c4 dxc4 13. Nxc4 Bd5 14. Nd4 Qc7 15. Rc1 Nc5 16. a4 Rfd8 17. Nd2 Nfe4 18. f3 Nxd2 19. Qxd2 Rac8 20. Qc2 Qb7 21. Bd3 Nb3 22. Bxh7+ Kh8 23. Nc6 Nxc1 24. Rxc1 Bxc6 25. bxc6 Qc7 26. f4 Qd6 27. Bd4 f5 28. Bg6 Bf6 29. Bxb6 Qd3 30. Bxd8 Qxe3+ 31. Kh1 Bxd8 32. Qd1 Kg8 33. Be8 Bc7 34. Bd7 Rb8 35. Qe1 Qxf4 36. Bxe6+ Kf8 37. Qg1 1/2-1/2

[Event "CRO-chT U16 final"]
[Site "Djurdjevac"]
[Date "2016.12.28"]
[Round "4.14"]
[White "Brcic, Karlo"]
[Black "Mazuran, Gabrijel"]
[Result "1/2-1/2"]
[WhiteElo "1489"]
[BlackElo "1737"]
[PlyCount "77"]
[EventDate "2016.12.27"]
[EventType "team-tourn"]
[EventRounds "7"]
[EventCountry "CRO"]
[SourceTitle "EXT 2019"]
[Source "ChessBase"]
[SourceDate "2018.10.10"]
[SourceVersion "1"]
[SourceVersionDate "2018.10.10"]
[SourceQuality "1"]

1. d4 Nf6 2. c4 e6 3. Nc3 Bb4 4. Bg5 h6 5. Bh4 d5 6. e3 0-0 7. Nf3 b6 8. Bd3 Bb7 9. 0-0 Be7 10. Re1 Ne4 11. Bxe7 Qxe7 12. cxd5 exd5 13. Ne5 Nd7 14. Nxd7 Qxd7 15. Nxe4 dxe4 16. Bc4 Bd5 17. Qb3 c6 18. Rac1 Rac8 19. Re2 Rfd8 20. Rec2 c5 21. Bxd5 Qxd5 22. Qxd5 Rxd5 23. b4 Rd6 24. bxc5 bxc5 25. Rxc5 Rb8 26. Rc8+ Rxc8 27. Rxc8+ Kh7 28. Rc2 Rb6 29. f3 f5 30. Kf2 Kg6 31. Kg3 Kf6 32. h4 g6 33. fxe4 fxe4 34. Kf4 Re6 35. Rc5 Ra6 36. Rc2 Re6 37. g4 g5+ 38. hxg5+ hxg5+ 39. Kg3 1/2-1/2

[Event "CRO-chT U16 final"]
[Site "Djurdjevac"]
[Date "2016.12.28"]
[Round "3.24"]
[White "Mazuran, Gabrijel"]
[Black "Simic, Pavo"]
[Result "1-0"]
[WhiteElo "1737"]
[BlackElo "1555"]
[PlyCount "67"]
[EventDate "2016.12.27"]
[EventType "team-tourn"]
[EventRounds "7"]
[EventCountry "CRO"]
[SourceTitle "EXT 2019"]
[Source "ChessBase"]
[SourceDate "2018.10.10"]
[SourceVersion "1"]
[SourceVersionDate "2018.10.10"]
[SourceQuality "1"]

1. d4 d5 2. c4 c6 3. Nf3 Nf6 4. Nc3 Bg4 5. Qb3 Bxf3 6. Qxb7 Nbd7 7. gxf3 e6 8. c5 Qc8 9. Qxc8+ Rxc8 10. f4 Ne4 11. Nxe4 dxe4 12. e3 f5 13. Bc4 Ke7 14. b4 Rb8 15. Bd2 Nf6 16. Ke2 Nd5 17. Rab1 Kf6 18. a4 Nc7 19. b5 cxb5 20. axb5 Be7 21. Ba5 Bd8 22. Bc3 Nd5 23. Bxd5 exd5 24. Rb2 Bc7 25. Ra1 Ra8 26. Ra6+ Ke7 27. Rba2 Rab8 28. Rxa7 Kd8 29. b6 Bxb6 30. cxb6 Rg8 31. Bb4 Re8 32. Rxg7 h5 33. Bd6 Kc8 34. Raa7 1-0

[Event "CRO-chT U16 final"]
[Site "Djurdjevac"]
[Date "2016.12.27"]
[Round "2.24"]
[White "Denic, Marin"]
[Black "Mazuran, Gabrijel"]
[Result "0-1"]
[WhiteElo "1532"]
[BlackElo "1737"]
[PlyCount "30"]
[EventDate "2016.12.27"]
[EventType "team-tourn"]
[EventRounds "7"]
[EventCountry "CRO"]
[SourceTitle "EXT 2019"]
[Source "ChessBase"]
[SourceDate "2018.10.10"]
[SourceVersion "1"]
[SourceVersionDate "2018.10.10"]
[SourceQuality "1"]

1. e4 e5 2. Nf3 Nc6 3. d4 exd4 4. Bc4 Bc5 5. c3 Nf6 6. e5 d5 7. exf6 dxc4 8. Qe2+ Be6 9. fxg7 Rg8 10. Ng5 Qd5 11. Nxf7 Kxf7 12. f4 d3 13. Qd1 Rxg7 14. f5 Qe4+ 15. Kf1 Qxg2+ 0-1

[Event "Krk Golden Island op 4th"]
[Site "Malinska"]
[Date "2016.11.02"]
[Round "6"]
[White "Sindik, Ervin"]
[Black "Mazuran, Gabrijel"]
[Result "1-0"]
[WhiteElo "2344"]
[BlackElo "1673"]
[PlyCount "77"]
[EventDate "2016.10.29"]
[EventType "swiss"]
[EventRounds "9"]
[EventCountry "CRO"]
[SourceTitle "CBM 175 Extra"]
[Source "ChessBase"]
[SourceDate "2016.12.12"]
[SourceVersion "1"]
[SourceVersionDate "2016.12.12"]
[SourceQuality "1"]

1. e4 e5 2. Nf3 Nc6 3. Bb5 a6 4. Ba4 b5 5. Bb3 Nf6 6. 0-0 Bc5 7. Nxe5 Nxe5 8. d4 Bxd4 9. Qxd4 Nc6 10. Qd3 0-0 11. Nc3 h6 12. Qg3 Kh8 13. e5 Ng8 14. Be3 Bb7 15. Rad1 f5 16. Bc5 Re8 17. f4 b4 18. Nd5 a5 19. Ne3 a4 20. Nxf5 g5 21. Bf7 Rf8 22. e6 Ra5 23. Rxd7 Qxd7 24. exd7 Rxf7 25. Bd4+ Nxd4 26. Nxd4 Rxd7 27. c3 gxf4 28. Rxf4 Rg5 29. Rg4 Rxg4 30. Qxg4 Rg7 31. Qf4 Bxg2 32. Ne6 Rg6 33. Qe5+ Nf6 34. Nf4 Rg7 35. Qxf6 Be4+ 36. Kf1 Kh7 37. Ne6 Bd3+ 38. Kf2 Rg6 39. Nf8+ 1-0

[Event "CRO-ch U13"]
[Site "Trogir"]
[Date "2016.06.24"]
[Round "7"]
[White "Mazuran, Gabrijel"]
[Black "Lesic, Krunoslav1111"]
[Result "1-0"]
[WhiteElo "1656"]
[BlackElo "1450"]
[PlyCount "123"]
[EventDate "2016.06.21"]
[EventType "swiss"]
[EventRounds "9"]
[EventCountry "CRO"]
[SourceTitle "EXT 2017"]
[Source "ChessBase"]
[SourceDate "2016.10.25"]
[SourceVersion "1"]
[SourceVersionDate "2016.10.25"]
[SourceQuality "1"]

1. d4 d5 2. c4 dxc4 3. e3 Nf6 4. Bxc4 e6 5. Nf3 a6 6. 0-0 Bd6 7. Re1 b5 8. Bd3 0-0 9. e4 Be7 10. Qc2 Bb4 11. Rd1 Bb7 12. e5 Bxf3 13. gxf3 Nd5 14. Bxh7+ Kh8 15. Be4 g6 16. a3 Ba5 17. b4 Bb6 18. Qd2 Qh4 19. Qh6+ Qxh6 20. Bxh6 Rg8 21. Bxd5 exd5 22. Be3 Nd7 23. Nc3 c6 24. Ne2 f5 25. f4 Kg7 26. Kg2 Rge8 27. Rh1 a5 28. h4 Rh8 29. Ng3 axb4 30. axb4 Rxa1 31. Rxa1 Rxh4 32. Ra6 Kf7 33. Ra8 Bxd4 34. Bxd4 Rxf4 35. Bc3 Rc4 36. Ne2 Nxe5 37. Bxe5 Re4 38. Ra7+ Ke6 39. Bd4 Rxe2 40. Bc5 Re4 41. Rc7 d4 42. Rxc6+ Kd5 43. Rd6+ Kc4 44. f3 Rf4 45. Rxg6 Kd3 46. Kg3 Rh4 47. Kxh4 Kc4 48. Kg5 d3 49. Rd6 Kc3 50. Kxf5 d2 51. Rxd2 Kxd2 52. Ke5 Kc3 53. f4 Kd3 54. f5 Kc4 55. f6 Kd3 56. f7 Kc4 57. f8Q Kd3 58. Qf3+ Kc4 59. Qe4+ Kb3 60. Kd4 Ka4 61. Kc3 Ka3 62. Qa8# 1-0

[Event "CRO-ch U13"]
[Site "Trogir"]
[Date "2016.06.23"]
[Round "5"]
[White "Mazuran, Gabrijel"]
[Black "Maravic, Ivan"]
[Result "1-0"]
[WhiteElo "1656"]
[BlackElo "1449"]
[PlyCount "73"]
[EventDate "2016.06.21"]
[EventType "swiss"]
[EventRounds "9"]
[EventCountry "CRO"]
[SourceTitle "EXT 2017"]
[Source "ChessBase"]
[SourceDate "2016.10.25"]
[SourceVersion "1"]
[SourceVersionDate "2016.10.25"]
[SourceQuality "1"]

1. d4 Nf6 2. c4 g6 3. Nc3 Bg7 4. e4 d6 5. f3 0-0 6. Bg5 Nbd7 7. Nh3 e5 8. dxe5 dxe5 9. Qd2 Nc5 10. Qxd8 Rxd8 11. Nd5 Rd6 12. Nxc7 Rb8 13. Nd5 Bxh3 14. gxh3 Kf8 15. b4 Ncd7 16. c5 Re6 17. Bc4 Ree8 18. Bb5 Re6 19. Kf2 h6 20. Nxf6 Nxf6 21. Be3 Ne8 22. Rac1 f5 23. Bc4 Rf6 24. Ke2 fxe4 25. fxe4 Ke7 26. a4 Nc7 27. Rhf1 Rbf8 28. Rxf6 Rxf6 29. b5 Ne6 30. b6 axb6 31. Bxe6 Rxe6 32. cxb6 Kd8 33. a5 Bf8 34. a6 bxa6 35. b7 Bd6 36. Rc6 Kd7 37. Rxd6+ 1-0